[Event "Bikaner op 1st"]
[Site "Bikaner"]
[Date "2022.10.03"]
[Round "4"]
[White "Rathnakaran, Kantholi"]
[Black "Kavinda, Akila"]
[Result "1/2-1/2"]
[WhiteElo "2329"]
[BlackElo "2030"]
[PlyCount "148"]
[EventDate "2022.10.01"]
[EventType "swiss"]
[EventRounds "10"]
[EventCountry "IND"]
[SourceTitle "CBM 210 Extra"]
[Source "ChessBase"]
[SourceDate "2022.11.30"]
[SourceVersion "1"]
[SourceVersionDate "2022.11.30"]
[SourceQuality "1"]

1. e4 e5 2. Nf3 Nc6 3. Bb5 a6 4. Ba4 Nf6 5. Qe2 Be7 6. c3 0-0 7. h3 b5 8. Bc2 d5 9. d3 d4 10. 0-0 a5 11. cxd4 Nxd4 12. Nxd4 Qxd4 13. Nc3 b4 14. Be3 Qd7 15. Nb1 Ba6 16. Nd2 Rad8 17. Nc4 Bxc4 18. dxc4 Qc6 19. Kh2 Bc5 20. Bg5 Bd4 21. Rab1 Rfe8 22. Rfd1 Rd6 23. Kh1 Nd7 24. f4 h6 25. fxe5 Nxe5 26. Bf4 Qd7 27. Bh2 c5 28. Rf1 Rg6 29. Rbd1 Qe6 30. Ba4 Re7 31. Bb5 Rf6 32. Bg1 Rxf1 33. Qxf1 Bxg1 34. Qxg1 Nxc4 35. Qxc5 Nxb2 36. Rd2 Qe5 37. Qb6 Kh7 38. Bf1 Na4 39. Qa6 Nc3 40. Rd8 Nxe4 41. Bd3 g6 42. Bxe4 Qxe4 43. Qxa5 Qe1+ 44. Kh2 Qc3 45. Qd5 Qc7+ 46. Qd6 Qxd6+ 47. Rxd6 Re2 48. Ra6 Kg7 49. a4 Re6 50. Ra7 b3 51. Rb7 Ra6 52. Rxb3 Rxa4 53. Rb6 h5 54. Kg3 h4+ 55. Kf3 Rc4 56. Ra6 Rb4 57. Rc6 g5 58. Ra6 f6 59. Ra3 Rf4+ 60. Ke3 Kg6 61. Ra5 Rf5 62. Ra4 Rf1 63. Ke2 Rf4 64. Ra5 Rf5 65. Ra4 Rb5 66. Kf3 Rb3+ 67. Kf2 f5 68. Ra6+ Kh5 69. Ra5 f4 70. Ra6 Rg3 71. Rf6 Ra3 72. Rb6 Rc3 73. Ra6 Rb3 74. Rc6 Ra3 1/2-1/2

[Event "Raipur Chhattisgarh"]
[Site "Raipur"]
[Date "2022.09.22"]
[Round "4"]
[White "Kavinda, Akila"]
[Black "Bommini, Mounika Akshaya"]
[Result "0-1"]
[WhiteElo "1997"]
[BlackElo "2152"]
[PlyCount "70"]
[EventDate "2022.09.19"]
[EventType "swiss"]
[EventRounds "10"]
[EventCountry "IND"]
[SourceTitle "CBM 210 Extra"]
[Source "ChessBase"]
[SourceDate "2022.11.30"]
[SourceVersion "1"]
[SourceVersionDate "2022.11.30"]
[SourceQuality "1"]

1. d4 Nf6 2. Nf3 d5 3. c4 e6 4. Nc3 c6 5. g3 dxc4 6. Bg2 b5 7. 0-0 Nbd7 8. a4 b4 9. Nb1 Be7 10. a5 Ba6 11. Re1 0-0 12. e4 Rb8 13. Bf1 b3 14. Bf4 Rb7 15. Qc1 c5 16. Bxc4 Bxc4 17. Qxc4 Rb4 18. Qe2 cxd4 19. e5 Nd5 20. Bd2 Nc5 21. Bxb4 Nxb4 22. Na3 d3 23. Qd2 Nc2 24. Nxc2 bxc2 25. Qc3 Qd5 26. Nd2 Rb8 27. Re3 Qb7 28. Nc4 Nb3 29. Rf1 Nc5 30. Ra1 Qb3 31. Ra3 Qxc3 32. Rxc3 Rb3 33. Rexd3 Nxd3 34. Rxc2 Bc5 35. Kg2 Ne1+ 0-1

[Event "Raipur Chhattisgarh"]
[Site "Raipur"]
[Date "2022.09.20"]
[Round "2"]
[White "Kavinda, Akila"]
[Black "Gusain, Himal"]
[Result "0-1"]
[WhiteElo "1997"]
[BlackElo "2359"]
[PlyCount "94"]
[EventDate "2022.09.19"]
[EventType "swiss"]
[EventRounds "10"]
[EventCountry "IND"]
[SourceTitle "CBM 210 Extra"]
[Source "ChessBase"]
[SourceDate "2022.11.30"]
[SourceVersion "1"]
[SourceVersionDate "2022.11.30"]
[SourceQuality "1"]

1. d4 f5 2. Nc3 Nf6 3. Bg5 d5 4. e3 e6 5. Nf3 Be7 6. Bd3 0-0 7. Ne2 c5 8. c3 Nc6 9. Bb5 Qb6 10. Bxc6 bxc6 11. b3 h6 12. Bxf6 Bxf6 13. Nf4 cxd4 14. cxd4 g5 15. Nd3 Ba6 16. Nfe5 Rad8 17. Rc1 Rd6 18. Nc5 Qa5+ 19. Qd2 Qa3 20. Nxa6 Qxa6 21. Nd3 Re8 22. Nc5 Qb5 23. Qe2 e5 24. Qxb5 cxb5 25. dxe5 Bxe5 26. Nd3 Bf6 27. Ke2 d4 28. g3 dxe3 29. f4 b4 30. Rc5 Bc3 31. a4 gxf4 32. Rxf5 fxg3 33. hxg3 Rxd3 34. Kxd3 e2 35. Rfh5 Re6 36. g4 e1Q 37. Rxe1 Bxe1 38. g5 hxg5 39. Rxg5+ Kf7 40. Ra5 a6 41. Rc5 Bh4 42. Rc7+ Be7 43. Ra7 Rc6 44. Kd4 Ke6 45. Ra8 Bd6 46. Ke4 Bc7 47. Kd4 a5 0-1

[Event "Raipur Chhattisgarh"]
[Site "Raipur"]
[Date "2022.09.19"]
[Round "1"]
[White "Arpita, Mukherjee"]
[Black "Kavinda, Akila"]
[Result "0-1"]
[WhiteElo "2293"]
[BlackElo "1997"]
[PlyCount "118"]
[EventDate "2022.09.19"]
[EventType "swiss"]
[EventRounds "10"]
[EventCountry "IND"]
[SourceTitle "CBM 210 Extra"]
[Source "ChessBase"]
[SourceDate "2022.11.30"]
[SourceVersion "1"]
[SourceVersionDate "2022.11.30"]
[SourceQuality "1"]

1. e4 g6 2. d4 Bg7 3. Nc3 d6 4. Be3 a6 5. Qd2 b5 6. Bd3 Nd7 7. Nf3 c5 8. a4 b4 9. Ne2 Bb7 10. c3 bxc3 11. bxc3 Ngf6 12. Ng3 Ng4 13. Bf4 cxd4 14. cxd4 e5 15. Bg5 f6 16. Bh4 exd4 17. Nxd4 Nc5 18. 0-0 Ne5 19. Bc2 0-0 20. Rab1 Qd7 21. f4 Nf7 22. Nb3 Rac8 23. Nxc5 Rxc5 24. Bb3 Bc6 25. Bxf7+ Rxf7 26. Rb8+ Bf8 27. Qd4 Qa7 28. Rbb1 Bxa4 29. Ne2 Bb5 30. Rbe1 Rc4 31. Qxa7 Rxa7 32. Bxf6 Rxe4 33. Nd4 Rxe1 34. Rxe1 Bd7 35. Bd8 a5 36. Bb6 Ra6 37. Bc7 a4 38. Re2 Bg7 39. Nc2 a3 40. Nb4 Ra4 41. Bxd6 Bd4+ 42. Kh1 Bb2 43. Na2 Rd4 44. Bb4 Rd1+ 45. Re1 Rxe1+ 46. Bxe1 Be6 47. Nb4 a2 48. Nxa2 Bxa2 49. h3 Bc1 50. g3 Bd5+ 51. Kh2 Be3 52. Bc3 Bf3 53. Bf6 Kf7 54. Bg5 Bf2 55. g4 Ke6 56. Bd8 h5 57. gxh5 gxh5 58. h4 Kf5 59. Bg5 Kg4 0-1

[Event "Gujarat op 3rd"]
[Site "Ahmedabad"]
[Date "2022.04.03"]
[Round "6"]
[White "Kavinda, Akila"]
[Black "Krishna, C Revanth Gopala"]
[Result "0-1"]
[WhiteElo "2068"]
[BlackElo "2466"]
[PlyCount "80"]
[EventDate "2022.03.31"]
[EventType "swiss"]
[EventRounds "10"]
[EventCountry "IND"]
[SourceTitle "CBM 207 Extra"]
[Source "ChessBase"]
[SourceDate "2022.05.31"]
[SourceVersion "1"]
[SourceVersionDate "2022.05.31"]
[SourceQuality "1"]

1. Nf3 Nf6 2. g3 d6 3. d4 Nbd7 4. Bg2 e5 5. c4 Be7 6. Nc3 0-0 7. 0-0 c6 8. b3 e4 9. Ne1 d5 10. Nc2 Re8 11. Ne3 Nf8 12. Bb2 h5 13. Rc1 a6 14. cxd5 cxd5 15. b4 h4 16. Qb3 Be6 17. b5 hxg3 18. fxg3 N8d7 19. Nf5 Bf8 20. Ba3 Bxa3 21. Qxa3 axb5 22. Qb4 Nb6 23. Nd6 Re7 24. Ncxb5 Rd7 25. a3 Ra4 26. Qc5 Nc4 27. Nxc4 dxc4 28. Nc3 Ra5 29. Qb4 Rxd4 30. Rcd1 Rxd1 31. Rxd1 Qc7 32. Nxe4 Nd5 33. Qb1 Ne3 34. Rc1 Nxg2 35. Kxg2 Bf5 36. Rf1 Qc6 37. Rf4 Re5 38. Kf2 Bxe4 39. Qd1 Rd5 40. Qc1 Rf5 0-1

[Event "Asia Club-ch Hybrid"]
[Site "Tornelo INT"]
[Date "2021.11.04"]
[Round "2.1"]
[White "Kavinda, Akila"]
[Black "Pourramezanali, Amirreza"]
[Result "0-1"]
[WhiteElo "2068"]
[BlackElo "2504"]
[PlyCount "26"]
[EventDate "2021.11.03"]
[EventType "team-swiss"]
[EventRounds "9"]
[EventCountry "NET"]
[SourceTitle "CBM 205 Extra"]
[Source "ChessBase"]
[SourceDate "2022.01.31"]
[SourceVersion "1"]
[SourceVersionDate "2022.01.31"]
[SourceQuality "1"]
[WhiteTeam "Super Knight CC"]
[BlackTeam "Pyramid"]
[WhiteTeamCountry "SRI"]
[BlackTeamCountry "IRI"]

1. d4 d5 2. Nf3 Nf6 3. c4 c6 4. Nc3 e6 5. g3 Nbd7 6. Qd3 Bd6 7. Bg2 0-0 8. 0-0 dxc4 9. Qxc4 e5 10. dxe5 Nxe5 11. Nxe5 Bxe5 12. Be3 Qa5 13. Qxc6 bxc6 0-1

[Event "Titled Tuesday intern op 28th Sept"]
[Site "Chess.com INT"]
[Date "2021.09.28"]
[Round "3"]
[White "Maranhao, Jose Renato Ruiz"]
[Black "Kavinda, Akila"]
[Result "0-1"]
[WhiteElo "1923"]
[BlackElo "2068"]
[PlyCount "92"]
[EventDate "2021.09.28"]
[EventType "swiss (blitz)"]
[EventRounds "11"]
[EventCountry "USA"]
[SourceTitle "CBM 204 Extra"]
[Source "ChessBase"]
[SourceDate "2021.11.30"]
[SourceVersion "1"]
[SourceVersionDate "2021.11.30"]
[SourceQuality "1"]

1. e4 e5 2. Nf3 Nc6 3. Bb5 a6 4. Ba4 Nf6 5. 0-0 b5 6. Bb3 Bb7 7. c3 Nxe4 8. Qe2 Nc5 9. Nxe5 Nxe5 10. Qxe5+ Ne6 11. Re1 Qh4 12. Qxc7 Be4 13. Qg3 Qxg3 14. hxg3 Bc6 15. d4 d5 16. a4 b4 17. cxb4 Bxb4 18. Nc3 Kd7 19. Bf4 Nxd4 20. Bxd5 Bxd5 21. Red1 Bxc3 22. bxc3 Ne2+ 23. Kf1 Nxf4 24. gxf4 Kc6 25. c4 Bxc4+ 26. Ke1 Rhe8+ 27. Kd2 Rad8+ 28. Kc3 Rxd1 29. Rxd1 Bd5 30. f3 Kc5 31. Rb1 Re7 32. Rb8 Rb7 33. Rg8 g6 34. Rg7 h5 35. f5 gxf5 36. Rg5 h4 37. Rxf5 Rb3+ 38. Kc2 Ra3 39. Rh5 Ra2+ 40. Kb1 Rxg2 41. Rxh4 Bxf3 42. Rf4 Bd5 43. Rf6 Re2 44. Rf5 Re4 45. Kb2 Rxa4 46. Rf4 Rxf4 0-1

[Event "Titled Tuesday intern op 04th May"]
[Site "Chess.com INT"]
[Date "2021.05.04"]
[Round "6"]
[White "Kavinda, Akila"]
[Black "Molchanov, Alexey"]
[Result "0-1"]
[WhiteElo "2068"]
[BlackElo "2403"]
[PlyCount "104"]
[EventDate "2021.05.04"]
[EventType "swiss (blitz)"]
[EventRounds "11"]
[EventCountry "USA"]
[SourceTitle "CBM 202 Extra"]
[Source "ChessBase"]
[SourceDate "2021.07.31"]
[SourceVersion "1"]
[SourceVersionDate "2021.07.31"]
[SourceQuality "1"]

1. e4 c5 2. Nf3 Nc6 3. c3 Nf6 4. e5 Nd5 5. Bc4 Nb6 6. Bb3 c4 7. Bc2 d6 8. exd6 e5 9. d4 cxd3 10. Qxd3 Qxd6 11. Qxd6 Bxd6 12. Nbd2 f6 13. Ne4 Be7 14. Be3 Nd5 15. 0-0-0 Nxe3 16. fxe3 Be6 17. Nd6+ Bxd6 18. Rxd6 Ke7 19. Rd2 Rad8 20. Rhd1 g6 21. b3 Bg4 22. Be4 Rxd2 23. Rxd2 Bxf3 24. Bxf3 f5 25. Bxc6 bxc6 26. Kc2 g5 27. Rf2 Ke6 28. Kd3 Rd8+ 29. Kc4 Rd5 30. Re2 e4 31. b4 Ke5 32. a4 a6 33. g3 h6 34. Rf2 Rd3 35. Re2 Kd6 36. a5 Rd5 37. Rc2 Ke5 38. Re2 h5 39. h4 Kf6 40. Rf2 Kg6 41. Re2 Kf6 42. Re1 Ke5 43. Re2 f4 44. gxf4+ gxf4 45. exf4+ Kxf4 46. Rf2+ Kg3 47. Rf6 e3 48. Rxc6 Re5 49. Rg6+ Kxh4 50. Rg1 e2 51. Re1 Kg3 52. Kd4 Re8 0-1

[Event "Titled Tuesday intern op 27th Apr"]
[Site "Chess.com INT"]
[Date "2021.04.27"]
[Round "3"]
[White "Kavinda, Akila"]
[Black "Gelman, Alexander"]
[Result "0-1"]
[WhiteElo "2068"]
[BlackElo "2403"]
[PlyCount "44"]
[EventDate "2021.04.27"]
[EventType "swiss (blitz)"]
[EventRounds "11"]
[EventCountry "USA"]
[SourceTitle "CBM 202 Extra"]
[Source "ChessBase"]
[SourceDate "2021.07.31"]
[SourceVersion "1"]
[SourceVersionDate "2021.07.31"]
[SourceQuality "1"]

1. Nf3 c5 2. g3 Nf6 3. Bg2 e6 4. d4 cxd4 5. Nxd4 d6 6. 0-0 a6 7. c4 Be7 8. Nc3 0-0 9. b3 Qc7 10. Bb2 Nbd7 11. Rc1 Ne5 12. h3 Bd7 13. e4 Rac8 14. Qe2 Rfe8 15. Rfd1 Qb8 16. f4 Ng6 17. Kh2 h5 18. Qf2 b5 19. cxb5 axb5 20. e5 dxe5 21. fxe5 Nxe5 22. Qe3 Neg4+ 0-1

[Event "SRI-chB"]
[Site "Maharaga"]
[Date "2020.03.07"]
[Round "3.2"]
[White "Kavinda, Akila"]
[Black "Kandearachchi, Niranga"]
[Result "1-0"]
[WhiteElo "2086"]
[BlackElo "1894"]
[PlyCount "77"]
[EventDate "2020.03.06"]
[EventType "swiss"]
[EventRounds "11"]
[EventCountry "SRI"]
[SourceTitle "CBM 195 Extra"]
[Source "ChessBase"]
[SourceDate "2020.05.31"]
[SourceVersion "1"]
[SourceVersionDate "2020.05.31"]
[SourceQuality "1"]

1. Nf3 Nf6 2. g3 g6 3. b3 Bg7 4. Bb2 d6 5. d4 0-0 6. Bg2 c5 7. 0-0 Nc6 8. c4 cxd4 9. Nxd4 Bd7 10. Nc2 Rb8 11. Nc3 a6 12. Nd5 Nxd5 13. Bxg7 Kxg7 14. cxd5 Ne5 15. h3 Qb6 16. Kh2 f5 17. f4 Nf7 18. Qd2 Rbc8 19. Nd4 Kg8 20. Qe3 Qb4 21. Rac1 Rxc1 22. Rxc1 Rc8 23. a3 Qb6 24. Rxc8+ Bxc8 25. Nxf5 Qxe3 26. Nxe3 b5 27. Nc2 g5 28. Nd4 gxf4 29. gxf4 Nh6 30. e4 Kf7 31. Bf3 Kf6 32. Kg3 Nf7 33. Bg4 Bb7 34. b4 Nd8 35. Bf5 h6 36. Kg4 Nf7 37. Kh5 Kg7 38. Be6 Nd8 39. h4 1-0

[Event "SRI-chB"]
[Site "Maharaga"]
[Date "2020.03.06"]
[Round "1.5"]
[White "Kavinda, Akila"]
[Black "Judedorison, G."]
[Result "1-0"]
[WhiteElo "2086"]
[BlackElo "1497"]
[PlyCount "61"]
[EventDate "2020.03.06"]
[EventType "swiss"]
[EventRounds "11"]
[EventCountry "SRI"]
[SourceTitle "CBM 195 Extra"]
[Source "ChessBase"]
[SourceDate "2020.05.31"]
[SourceVersion "1"]
[SourceVersionDate "2020.05.31"]
[SourceQuality "1"]

1. Nf3 d5 2. g3 c5 3. Bg2 Nf6 4. 0-0 Nc6 5. d4 cxd4 6. Nxd4 e5 7. Nxc6 bxc6 8. c4 Be6 9. Nc3 Rc8 10. Qa4 d4 11. Rd1 Qb6 12. Nd5 Nxd5 13. cxd5 Bd7 14. dxc6 Bxc6 15. Bxc6+ Qxc6 16. Qa5 Bd6 17. Bd2 0-0 18. Rac1 Qe4 19. Qa6 Rxc1 20. Rxc1 Be7 21. f3 Qa8 22. Rc7 Bf6 23. Bb4 Rd8 24. Qc4 Qd5 25. Qxd5 Rxd5 26. Rxa7 h5 27. a4 Bg5 28. Ra5 Be3+ 29. Kg2 Rd7 30. Rxe5 Rc7 31. Bc5 1-0

[Event "Mumbai Wealth op 5th"]
[Site "Mumbai"]
[Date "2020.01.06"]
[Round "8"]
[White "Kavinda, Akila"]
[Black "Vantika, Agrawal"]
[Result "1/2-1/2"]
[WhiteElo "2022"]
[BlackElo "2287"]
[PlyCount "158"]
[EventDate "2019.12.30"]
[EventType "swiss"]
[EventRounds "9"]
[EventCountry "IND"]
[SourceTitle "CBM 194 Extra"]
[Source "ChessBase"]
[SourceDate "2020.03.31"]
[SourceVersion "1"]
[SourceVersionDate "2020.03.31"]
[SourceQuality "1"]

1. Nf3 Nf6 2. g3 g6 3. Bg2 Bg7 4. 0-0 0-0 5. d4 d6 6. b3 e5 7. dxe5 dxe5 8. Ba3 Qxd1 9. Rxd1 Re8 10. Nc3 e4 11. Nd4 a6 12. Na4 Nbd7 13. c4 e3 14. f3 Nf8 15. Rac1 Ne6 16. Nxe6 Bxe6 17. Nc5 Bc8 18. Bb2 b6 19. f4 Rb8 20. Bxf6 Bxf6 21. Nd7 Bxd7 22. Rxd7 Rbd8 23. Rxc7 Rd2 24. Kf1 Rxa2 25. Bd5 Re7 26. Rc8+ Kg7 27. c5 bxc5 28. R1xc5 Ra1+ 29. Kg2 Ra2 30. Bc4 Ra3 31. R5c7 a5 32. Rxe7 Bxe7 33. Rc7 Kf8 34. Ra7 h5 35. Kf3 Ra1 36. Ra8+ Kg7 37. Kg2 h4 38. Ra7 Kf8 39. g4 f5 40. g5 Rd1 41. Rxa5 Rd4 42. Ra8+ Kg7 43. Ra7 Kf8 44. Ra8+ Kg7 45. Re8 Bc5 46. Rg8+ Kh7 47. Rc8 Ba3 48. Ra8 Bc5 49. Ra4 Kg7 50. Bd3 Rxa4 51. bxa4 Bb4 52. h3 Ba5 53. Kf3 Bd2 54. Bc4 Kf8 55. Bb5 Kf7 56. Bc6 Kf8 57. a5 Bxa5 58. Kxe3 Bc7 59. Kf3 Kg7 60. e4 fxe4+ 61. Bxe4 Ba5 62. Kg4 Be1 63. Bb1 Bf2 64. Bc2 Be1 65. Ba4 Bf2 66. Bb5 Be1 67. Bc6 Bf2 68. Bd7 Be1 69. Bc8 Bf2 70. Bb7 Be1 71. Ba6 Bf2 72. Bd3 Be1 73. Bxg6 Kxg6 74. f5+ Kg7 75. Kh5 Bf2 76. g6 Kf6 77. Kh6 Bd4 78. Kh5 Kxf5 79. Kxh4 Kxg6 1/2-1/2

[Event "Mumbai Wealth op 5th"]
[Site "Mumbai"]
[Date "2020.01.04"]
[Round "6"]
[White "Kavinda, Akila"]
[Black "Ziatdinov, Raset"]
[Result "1-0"]
[WhiteElo "2022"]
[BlackElo "2204"]
[PlyCount "67"]
[EventDate "2019.12.30"]
[EventType "swiss"]
[EventRounds "9"]
[EventCountry "IND"]
[SourceTitle "CBM 194 Extra"]
[Source "ChessBase"]
[SourceDate "2020.03.31"]
[SourceVersion "1"]
[SourceVersionDate "2020.03.31"]
[SourceQuality "1"]

1. d4 Nf6 2. Nf3 e6 3. c4 c5 4. g3 b6 5. Bg2 Bb7 6. 0-0 cxd4 7. Qxd4 Nc6 8. Qf4 d5 9. Rd1 Bd6 10. Qh4 Nb4 11. Nc3 Be7 12. Bg5 Qb8 13. a3 Na6 14. cxd5 exd5 15. Nd4 Qe5 16. Bf4 Qh5 17. Qxh5 Nxh5 18. Nxd5 Nxf4 19. gxf4 Bxd5 20. Bxd5 Rd8 21. Nc6 Rd6 22. Bc4 Nc5 23. Rxd6 Bxd6 24. Rd1 Be7 25. f3 a5 26. b4 axb4 27. axb4 Ne6 28. Bxe6 fxe6 29. Ra1 Bf8 30. Ra8+ Kd7 31. Ne5+ Kc7 32. Kg2 b5 33. Nf7 Rg8 34. Ng5 1-0

[Event "Mumbai Wealth op 5th"]
[Site "Mumbai"]
[Date "2020.01.01"]
[Round "3"]
[White "Manish, Anto Cristiano F"]
[Black "Kavinda, Akila"]
[Result "1/2-1/2"]
[WhiteElo "2280"]
[BlackElo "2022"]
[PlyCount "75"]
[EventDate "2019.12.30"]
[EventType "swiss"]
[EventRounds "9"]
[EventCountry "IND"]
[SourceTitle "CBM 194 Extra"]
[Source "ChessBase"]
[SourceDate "2020.03.31"]
[SourceVersion "1"]
[SourceVersionDate "2020.03.31"]
[SourceQuality "1"]

1. e4 c5 2. Nf3 d6 3. d4 cxd4 4. Nxd4 Nf6 5. Nc3 a6 6. h3 e5 7. Nb3 h5 8. Be3 Be6 9. f4 Qc7 10. f5 Bc4 11. Bxc4 Qxc4 12. Qe2 Qxe2+ 13. Kxe2 Nbd7 14. Rad1 Rc8 15. Kf3 g6 16. g4 gxf5 17. exf5 hxg4+ 18. hxg4 Rxh1 19. Rxh1 d5 20. g5 d4 21. Nxd4 exd4 22. Bxd4 Ng8 23. f6 Bc5 24. Ne2 Bxd4 25. Nxd4 Rc5 26. Kf4 Kf8 27. c3 Ne5 28. Rd1 Ng6+ 29. Kg4 Ne5+ 30. Kf4 Ng6+ 31. Kg4 Ne5+ 32. Kg3 Rd5 33. b3 Ng6 34. Kg4 Ne5+ 35. Kf4 Ng6+ 36. Kg4 Ne5+ 37. Kg3 Ng6 38. Kg4 1/2-1/2

[Event "Gujarat op 2nd"]
[Site "Ahmedabad"]
[Date "2019.09.24"]
[Round "4"]
[White "Kavinda, Akila"]
[Black "Manush, Shah"]
[Result "0-1"]
[WhiteElo "2029"]
[BlackElo "2352"]
[PlyCount "102"]
[EventDate "2019.09.22"]
[EventType "swiss"]
[EventRounds "10"]
[EventCountry "IND"]
[SourceTitle "EXT 2020"]
[Source "ChessBase"]
[SourceDate "2019.10.17"]
[SourceVersion "1"]
[SourceVersionDate "2019.10.17"]
[SourceQuality "1"]

1. Nf3 d5 2. g3 c6 3. Bg2 Bg4 4. c4 e6 5. 0-0 Nd7 6. cxd5 exd5 7. d3 Ngf6 8. Qc2 Be7 9. Nc3 0-0 10. h3 Bxf3 11. Bxf3 Re8 12. d4 Bd6 13. a3 Qe7 14. Bg2 Ne4 15. Nxe4 dxe4 16. Bd2 Nb6 17. e3 Rac8 18. b4 Nd5 19. Rfc1 a6 20. Qd1 f5 21. Rab1 Kh8 22. Qe2 g5 23. f3 Bxg3 24. fxe4 fxe4 25. Rf1 Bc7 26. Bh1 Rg8 27. Rf5 g4 28. h4 Rcf8 29. Rbf1 Rxf5 30. Rxf5 Qe6 31. Rf1 g3 32. Bg2 Qh6 33. Bxe4 Qxh4 34. Qg2 Nf6 35. Bf3 Ng4 36. Bxg4 Rxg4 37. Rf7 Qh2+ 38. Kf1 Bd6 39. Rf6 Be7 40. Rf7 Rg6 41. Bc3 Kg8 42. Rf3 Rg4 43. Rf5 Qh6 44. Ke2 Qe6 45. Qf3 Rg6 46. d5 cxd5 47. Kf1 g2+ 48. Kg1 Bd6 49. Rh5 Qe4 50. Qxe4 dxe4 51. Rh4 Bg3 0-1

[Event "Gujarat op 2nd"]
[Site "Ahmedabad"]
[Date "2019.09.23"]
[Round "2"]
[White "Kavinda, Akila"]
[Black "Neelotpal, Das"]
[Result "0-1"]
[WhiteElo "2029"]
[BlackElo "2433"]
[PlyCount "79"]
[EventDate "2019.09.22"]
[EventType "swiss"]
[EventRounds "10"]
[EventCountry "IND"]
[SourceTitle "EXT 2020"]
[Source "ChessBase"]
[SourceDate "2019.10.17"]
[SourceVersion "1"]
[SourceVersionDate "2019.10.17"]
[SourceQuality "1"]

1. Nf3 Nf6 2. g3 b5 3. Bg2 Bb7 4. Na3 a6 5. c4 b4 6. Nc2 e6 7. 0-0 c5 8. d4 cxd4 9. Qxd4 Nc6 10. Qf4 d6 11. Rd1 Qb8 12. b3 Be7 13. Bb2 0-0 14. e4 Nd7 15. a3 a5 16. a4 e5 17. Qe3 Nc5 18. Rab1 Nd8 19. Nfe1 Nde6 20. Bc1 Bg5 21. Qe2 Bxc1 22. Rdxc1 Qa7 23. Qe3 Rad8 24. Rd1 Qa8 25. f3 f5 26. exf5 Rxf5 27. Rd2 Qb8 28. Rbd1 Qc7 29. Bh3 Rf6 30. Bg2 h6 31. Re2 Rdf8 32. h4 g5 33. hxg5 Nxg5 34. f4 exf4 35. gxf4 Rxf4 36. Nd4 Qg7 37. Nb5 Bf3 38. Rxd6 Re4 39. Qxc5 Rxe2 40. Kh2 0-1

[Event "Hyderabad op 3rd"]
[Site "Hyderabad"]
[Date "2019.08.25"]
[Round "8"]
[White "Kavinda, Akila"]
[Black "Raja, Rithvik R"]
[Result "0-1"]
[WhiteElo "2024"]
[BlackElo "2364"]
[PlyCount "104"]
[EventDate "2019.08.20"]
[EventType "swiss"]
[EventRounds "10"]
[EventCountry "IND"]
[SourceTitle "EXT 2020"]
[Source "ChessBase"]
[SourceDate "2019.10.17"]
[SourceVersion "1"]
[SourceVersionDate "2019.10.17"]
[SourceQuality "1"]

1. Nf3 d5 2. g3 Bg4 3. Bg2 c6 4. 0-0 e6 5. h3 Bh5 6. d4 Nf6 7. c4 Nbd7 8. cxd5 exd5 9. Qb3 Qb6 10. Qe3+ Be7 11. Nh4 Bg6 12. Nc3 Qd8 13. Nxg6 hxg6 14. b4 a6 15. a4 0-0 16. Rb1 Nb6 17. Qd3 Re8 18. Rd1 Qd7 19. a5 Nc8 20. Na4 Qc7 21. h4 Nd6 22. Bf4 Rad8 23. Nb6 Nd7 24. Nxd5 cxd5 25. Rbc1 Qb8 26. Bxd5 Nf6 27. Bb3 Kf8 28. Qf3 b5 29. Be5 Qa8 30. Bxf6 Bxf6 31. Bd5 Qa7 32. h5 gxh5 33. Rc5 Qe7 34. Qxh5 g6 35. Qh6+ Bg7 36. Qf4 Qxe2 37. Bf3 Qe7 38. Bc6 Qe2 39. Bf3 Qe6 40. Rc6 Qf5 41. Rxa6 Qxf4 42. gxf4 Nf5 43. Bc6 Rxd4 44. Rxd4 Re1+ 45. Kg2 Bxd4 46. Bxb5 Rb1 47. Ra8+ Kg7 48. Bc6 Rxb4 49. a6 Rb2 50. Bd5 Ne3+ 51. Kf3 Nxd5 52. Ke4 Nc7 0-1

[Event "Asian Cities-chT"]
[Site "Dhaka"]
[Date "2019.07.13"]
[Round "4.1"]
[White "Sultan, Ibrahim"]
[Black "Kavinda, Akila"]
[Result "0-1"]
[WhiteElo "2090"]
[BlackElo "2010"]
[PlyCount "56"]
[EventDate "2019.07.10"]
[EventType "team-swiss"]
[EventRounds "9"]
[EventCountry "BAN"]
[SourceTitle "EXT 2020"]
[Source "ChessBase"]
[SourceDate "2019.10.17"]
[SourceVersion "1"]
[SourceVersionDate "2019.10.17"]
[SourceQuality "1"]
[WhiteTeam "Dubai"]
[BlackTeam "Colombo"]
[WhiteTeamCountry "UAE"]
[BlackTeamCountry "SRI"]

1. d4 g6 2. c4 Bg7 3. Nc3 c5 4. d5 d6 5. e4 e6 6. Bd3 exd5 7. exd5 Ne7 8. Nge2 Nd7 9. Ng3 Ne5 10. Be2 0-0 11. f4 Nd7 12. 0-0 Nf6 13. Qc2 h5 14. Be3 Nf5 15. Nxf5 Bxf5 16. Qd2 Re8 17. Bf2 Qb6 18. Rac1 Qb4 19. Rfe1 Ne4 20. Nxe4 Rxe4 21. Qd1 Rae8 22. Bf1 Rxe1 23. Bxe1 Qxb2 24. h3 Bd4+ 25. Kh1 Qxa2 26. Bc3 Bxc3 27. Rxc3 Qf2 28. Rf3 Re1 0-1

[Event "Ho Chi Minh City HD Bank op 9th"]
[Site "Ho Chi Minh City"]
[Date "2019.03.08"]
[Round "2"]
[White "Luong, Phuong Hanh"]
[Black "Kavinda, Akila"]
[Result "1-0"]
[WhiteElo "2259"]
[BlackElo "2091"]
[PlyCount "107"]
[EventDate "2019.03.07"]
[EventType "swiss"]
[EventRounds "9"]
[EventCountry "VIE"]
[SourceTitle "CBM 189 Extra"]
[Source "ChessBase"]
[SourceDate "2019.06.03"]
[SourceVersion "1"]
[SourceVersionDate "2019.06.03"]
[SourceQuality "1"]

1. d4 Nf6 2. Nf3 g6 3. g3 Bg7 4. Bg2 0-0 5. 0-0 d5 6. c4 c6 7. Qb3 a5 8. c5 a4 9. Qb4 Ne4 10. Nc3 Qa5 11. Qxa5 Rxa5 12. Rd1 Rd8 13. Bf4 Na6 14. Nxe4 dxe4 15. Nd2 f5 16. e3 a3 17. b3 Rxc5 18. Nc4 Rcd5 19. Bf1 h6 20. Nb6 Ra5 21. b4 Rb5 22. Bxb5 cxb5 23. Rac1 Be6 24. d5 Bf7 25. Rc8 Rxc8 26. Nxc8 Bf6 27. d6 exd6 28. Rxd6 Bb2 29. Rd8+ Kg7 30. Rd7 Kf6 31. Rxb7 Nxb4 32. Nd6 Bxa2 33. Nxb5 Be6 34. Bxh6 Bd5 35. Ra7 Nc2 36. Bg7+ Kg5 37. Bxb2 axb2 38. Nc3 Nb4 39. Ra4 Nd3 40. Kf1 Bb3 41. Ra8 Kg4 42. Rb8 Bc4 43. Kg1 g5 44. Na4 Ne1 45. Nxb2 Nf3+ 46. Kh1 Bf1 47. Rh8 Ne1 48. Kg1 Bh3 49. Nc4 Nf3+ 50. Kh1 Bf1 51. Nd6 Ne1 52. Kg1 Bd3 53. h3+ Kf3 54. Nxf5 1-0

[Event "Mumbai Wealth op 4th"]
[Site "Mumbai"]
[Date "2019.01.07"]
[Round "9"]
[White "Sundararajan, Kidambi"]
[Black "Kavinda, Akila"]
[Result "1/2-1/2"]
[WhiteElo "2458"]
[BlackElo "2092"]
[PlyCount "81"]
[EventDate "2018.12.30"]
[EventType "swiss"]
[EventRounds "9"]
[EventCountry "IND"]
[SourceTitle "CBM 188 Extra"]
[Source "ChessBase"]
[SourceDate "2019.02.26"]
[SourceVersion "1"]
[SourceVersionDate "2019.02.26"]
[SourceQuality "1"]

1. g3 c5 2. Bg2 g6 3. c3 Bg7 4. d4 cxd4 5. cxd4 d5 6. Nc3 Nf6 7. Nf3 Ne4 8. Qb3 Nxc3 9. bxc3 Nc6 10. Nd2 0-0 11. 0-0 e6 12. e4 Na5 13. Qc2 b6 14. Re1 Bb7 15. Ba3 Re8 16. e5 Rc8 17. Re3 Qd7 18. h4 h5 19. Qd1 Bh6 20. f4 Nc4 21. Nxc4 Rxc4 22. Bf1 Ra4 23. Bb4 Ba6 24. Bxa6 Rxa6 25. g4 Qa4 26. Qe2 hxg4 27. Rg3 Bf8 28. Bxf8 Kxf8 29. Qxg4 Qc2 30. h5 Rxa2 31. Rxa2 Qxa2 32. Qg5 Qb1+ 33. Kh2 Qf5 34. Qh6+ Ke7 35. hxg6 fxg6 36. Rxg6 Rf8 37. Rg7+ Rf7 38. Qh4+ Kf8 39. Qh8+ Ke7 40. Qh4+ Kf8 41. Qh8+ 1/2-1/2